000 02755nam0a2200337 4500
001 RU\NLR\BIBL_A\022415396
005 20250204104618.0
010 _a978-5-04-202114-5
_93000
021 _aRU
_bКН-П-24-068530
_9КН-П-24-6835
035 _a(NLR Aleph) 022415396
090 _a13336766
_c13336766
100 _a20241218d2024 u y0rusy50 ca
101 1 _arus
_ceng
102 _aRU
105 _ay|||z|||000ay
181 0 _ai
_bxxxe
182 1 _an
200 1 _aОсколки прошлого
_fКарин Слотер
_gперевод [с английского] Масленникова Т.
203 _aТекст
_bвизуальный
_cнепосредственный
210 _aМосква
_cЭксмо, Inspiria
_d2024
215 _a539, [2] с.
_d20
330 _aАндреа Оливер думает, что знает о своей матери все. У Лоры никогда не было от нее секретов: живет тихой и счастливой жизнью в маленьком прибрежном городке Белль-Айл, работает логопедом и дружит со всеми соседями. По крайней мере, такой ее всегда знала Андреа - спокойной, заботливой и жизнерадостной. Но все меняется, когда на них жестоко нападают в кафе. Лора совершает то, чего дочь и представить себе не могла, - спокойно расправляется с нападающим. Неужели мама способна на такое хладнокровие и жестокость? Как будто стала совершенно другим человеком. Так и есть. Почти тридцать лет Лора скрывалась от себя прежней, затаилась в надежде, что ее никто и никогда не найдет. И вот она разоблачена. Теперь им обеим грозит опасность, но Лора отказывается говорить с дочерью. Андреа придется самой по кусочкам раскрыть секреты прошлого матери, чтобы спасти их обеих. И время ее на исходе..
333 _a18+
675 _a821.111(73)-31
_v4
686 1 _aШ6(7США)67-446{Лх1979-60}
700 1 _7ca
_8rus
_aСлотер
_bК.
_f1971-
_gКарин
_9245830
_3RU\NLR\AUTH\770245886
942 _cBOOK
980 _aNB